| 000 | 02207nam a2200289Ia 4500 | ||
|---|---|---|---|
| 999 |
_c52718 _d52718 |
||
| 001 | 19743 | ||
| 003 | GE_BSU | ||
| 005 | 20200419002356.0 | ||
| 008 | 181216s2016||||ge |||||||||||||| ||geo|| | ||
| 020 | _a9789941434945 (ნაწ. 2) | ||
| 040 | _cGE_BSU | ||
| 041 | _ageo | ||
| 080 | _a81(063)+811.353(063)+821.353.1 ჰ-95 | ||
| 245 |
_aჰუმანიტარული მეცნიერებები ინფორმაციულ საზოგადოებაში - II : საერთაშორისო კონფერენციის მასალები = Humanities in the information society - II : International conference proceedings : ნაწ. 2 / _cრედ. მარინა გიორგაძე ; სარედ. კოლ. : ავთანდილ არაბული, მარინე აროშიძე და სხვ. |
||
| 264 |
_aბათუმი : _bბათუმის შოთა რუსთაველის სახელმწიფო უნივერსიტეტის გამომცემლობა, _c2014. |
||
| 300 |
_a358 გვ. ; _c29 სმ. |
||
| 500 | _aგამოცემულია აჭარის არ განათლების, კულტურისა და სპორტის სამინისტროს ფინანსური მხარდაჭერით | ||
| 500 | _aგარეკანი და თავფურცელი ქართულ და ინგლისურ ენებზე | ||
| 541 | _h12ლ.91თ. | ||
| 653 | _aთარგმნის თეორია | ||
| 653 | _a ფილოლოგია | ||
| 653 | _a ქართული ლიტერატურათმცოდნეობა | ||
| 653 | _aკონფერენციები | ||
| 700 |
_a გიორგაძე, მარინა _eრედაქტორი _97933 |
||
| 710 |
_aშოთა რუსთაველის სახელმწიფო უნივერსიტეტი _bჰუმანიტარულ მეცნიერებათა ფაკულტეტი _97934 |
||
| 942 |
_cBK _2udc |
||